| 000 | 00340nam a22001337a 4500 | ||
|---|---|---|---|
| 999 |
_c27609 _d27609 |
||
| 008 | 250212b ||||| |||| 00| 0 eng d | ||
| 082 | 0 | 0 |
_a374 _bG151 |
| 100 |
_93516 _aGandhi, M. K. |
||
| 245 | 1 | 0 |
_aBasic education _cM. K. Gandhi |
| 260 |
_aAhmedabad: _bNavajivan Pub, _c1956. |
||
| 300 | _aviii, 112 p. | ||
| 650 | 0 | _aEducation | |
| 942 | _cBK | ||